ARRUPE JESUIT UNIVERSITY

CORONAVIRUS -STOP THE SPREAD - CLEAN,DISINFECT,COVER

Ecstasy : (Record no. 123118)

MARC details
000 -LEADER
fixed length control field 00735pam a2200241 a 4500
001 - CONTROL NUMBER
control field 3842519
005 - DATE AND TIME OF LATEST TRANSACTION
control field 20150826115808.0
008 - FIXED-LENGTH DATA ELEMENTS--GENERAL INFORMATION
fixed length control field 870723s1987 cau b 000 0 eng
010 ## - LIBRARY OF CONGRESS CONTROL NUMBER
LC control number 87045180
020 ## - INTERNATIONAL STANDARD BOOK NUMBER
International Standard Book Number 0062504274 :
Terms of availability $12.95
040 ## - CATALOGING SOURCE
Original cataloging agency DLC
Transcribing agency DLC
Modifying agency DLC
050 00 - LIBRARY OF CONGRESS CALL NUMBER
Classification number BF575.H27
Item number J64 1987
082 00 - DEWEY DECIMAL CLASSIFICATION NUMBER
Classification number 152.4
Edition number 19
100 1# - MAIN ENTRY--PERSONAL NAME
Personal name Johnson, Robert A.,
Dates associated with a name 1921-
9 (RLIN) 18812
245 10 - TITLE STATEMENT
Title Ecstasy :
Remainder of title understanding the psychology of joy /
Statement of responsibility, etc Robert A. Johnson.
260 ## - PUBLICATION, DISTRIBUTION, ETC. (IMPRINT)
Place of publication, distribution, etc San Francisco :
Name of publisher, distributor, etc Harper & Row,
Date of publication, distribution, etc c1987.
300 ## - PHYSICAL DESCRIPTION
Extent xii, 100 p. ;
Dimensions 22 cm.
504 ## - BIBLIOGRAPHY, ETC. NOTE
Bibliography, etc Bibliography: p. [99]-100.
650 #0 - SUBJECT ADDED ENTRY--TOPICAL TERM
Topical term or geographic name as entry element Joy.
9 (RLIN) 18813
650 #0 - SUBJECT ADDED ENTRY--TOPICAL TERM
Topical term or geographic name as entry element Ecstasy.
9 (RLIN) 2122
906 ## - LOCAL DATA ELEMENT F, LDF (RLIN)
a 7
b cbc
c orignew
d 1
e ocip
f 19
g y-gencatlg
942 ## - ADDED ENTRY ELEMENTS (KOHA)
Source of classification or shelving scheme Library of Congress Classification
Item type Monograph ( Printed materials)
Holdings
Withdrawn status Lost status Source of classification or shelving scheme Damaged status Not for loan Collection code Home library Current library Shelving location Date acquired Total Checkouts Full call number Barcode Date last seen Price effective from Koha item type
    Library of Congress Classification     Main Collection ARRUPE LIBRARY ARRUPE LIBRARY Main Collection 26/08/2015   BF575.H27 J64 1987 46500004140 12/09/2016 26/08/2015 Monograph ( Printed materials)

 

Arrupe Library. PO Box MP320 Mt Pleasant, Harare, Zimbabwe
263 242 745411|librarian@aju.ac.zw